Ciudades que han sido sedes de la Copa del Mundo FIFA - Estadísticas

Estadísticas generales
  • Esta prueba ha sido intentada 70 veces
    66 desde el último reinicio
  • La puntuación promedio es 67 de 185
Estadísticas de respuestas
Paths Ciudad % Correcto
mad Madrid
100%
bar Barcelona
98%
par París
95%
sev Sevilla
95%
val Valencia
95%
rom Roma
93%
bue Buenos Aires
91%
mil Milán
91%
mon Montevideo
91%
rio Río de Janeiro
91%
ber Berlín
88%
mex Ciudad de México
86%
nap Nápoles
86%
mar Marsella
81%
ber Berna
79%
lyo Lyon
79%
man Manchester
79%
bra Brasilia
77%
lon Londres
77%
seu Seúl
77%
tur Turín
77%
bil Bilbao
74%
los Los Ángeles
74%
mun Munich
74%
sao Sao Paulo
74%
cor Córdoba
72%
gua Guadalajara
72%
mia Miami
72%
nyc Nueva York
72%
opo Oporto
72%
zar Zaragoza
72%
ham Hamburgo
70%
mal Málaga
70%
mos Moscú
70%
san Santiago
70%
liv Liverpool
67%
doh Doha
65%
vig Vigo
65%
zur Zurich
65%
was Washington DC
63%
ros Rosario
60%
sse San Sebastián
60%
ali Alicante
58%
ciu Ciudad del Cabo
58%
flo Florencia
58%
gij Gijón
58%
joh Johannesburgo
58%
mot Monterrey
58%
spt San Petersburgo
58%
vll Valladolid
58%
sfr San Francisco
56%
bir Birmingham
53%
do Dortmund
53%
lis Lisboa
53%
asu Asunción
51%
ovi Oviedo
51%
pre Pretoria
51%
bur Burdeos
49%
men Mendoza
49%
atl Atlanta
47%
bel Belo Horizonte
47%
cas Casablanca
47%
fil Filadelfia
47%
gen Génova
47%
nan Nantes
47%
tou Toulouse
47%
lil Lille
44%
pal Palermo
44%
pue Puebla
44%
rab Rabat
44%
tor Toronto
44%
bol Bolonia
42%
chi Chicago
42%
dal Dallas
42%
fra Francfort
42%
osa Osaka
42%
bos Boston
40%
col Colonia
40%
hou Houston
40%
cor La Coruña
40%
bai Bari
37%
mal Malmo
37%
orl Orlando
37%
stu Stuttgart
37%
dus Dusseldorf
35%
rec Recife
35%
sea Seattle
35%
van Vancouver
35%
bas Basilea
33%
gin Ginebra
33%
las Las Palmas
33%
leo León
33%
man Manaos
33%
est Estrasburgo
30%
for Fortaleza
30%
lei Leipzig
30%
mop Montpellier
30%
por Porto Alegre
30%
blo Bloemfontein
28%
got Gotemburgo
28%
ver Verona
28%
cag Cagliari
26%
elc Elche
26%
lus Lusail
26%
sal Salvador
26%
udi Udine
26%
cur Curitiba
23%
det Detroit
23%
dur Durban
23%
lau Lausanne
23%
mar Marrakech
23%
nur Nuremberg
23%
vin Viña del Mar
23%
fez Fez
21%
han Hannover
21%
mar Mar del Plata
21%
yok Yokohama
21%
bus Busan
19%
kan Kansas City
19%
kaz Kazán
19%
len Lens
19%
rei Reims
19%
sap Sapporo
19%
tol Toluca
19%
gel Gelsenkirchen
16%
set Saint-Étienne
16%
soc Sochi
16%
tan Tánger
16%
nat Natal
14%
por Port Elizabeth
14%
she Sheffield
14%
dae Daegu
12%
inc Incheon
12%
lug Lugano
12%
que Querétaro
12%
ros Rostov del Don
12%
sun Sunderland
12%
tri Trieste
12%
vol Volgogrado
12%
ari Arica
9%
daj Daejeon
9%
eka Ekaterimburgo
9%
kai Kaiserlautern
9%
kob Kobe
9%
ran Rancagua
9%
sde Saint-Denis
9%
aga Agadir
7%
nii Niigata
7%
sai Saitama
7%
sam Samara
7%
vas Vasteras
7%
gwa Gwangju
5%
hal Halmstad
5%
hel Helsingborg
5%
kal Kaliningrado
5%
kas Kashima
5%
leh Le Havre
5%
mid Middlesbrough
5%
miy Miyagi
5%
niz Nizhni Novgorod
5%
oit Oita
5%
ore Orebro
5%
sol Solna
5%
uls Ulsan
5%
ant Antibes
2%
bor Boras
2%
cui Cuiabá
2%
esk Eskilstuna
2%
ira Irapuato
2%
jeo Jeonju
2%
nez Nezahualcoyot
2%
nor Norrkoping
2%
pol Polokwane
2%
rus Rustenburg
2%
san Sandviken
2%
sng San Nicolás de los Garza
2%
seo Seogwipo
2%
shi Shizuoka
2%
udd Uddevalla
2%
alw Al Wakrah
0%
jor Jor
0%
nel Nelspruit
0%
ray Rayán
0%
sar Saransk
0%
suw Suwan
0%
No se encontraron pruebas coincidentes
Distribución de puntuación
Porcentaje de gente con cada puntuación
Porcentaje por número respondido
Historial de tus puntuaciones
No has intentado esta prueba desde el último reinicio